[Event "CAN-op"]
[Site "Regina CAN"]
[Date "2019.07.17"]
[Round "8.19"]
[White "Lambruschini, Alex"]
[Black "Lin, Joey"]
[Result "1/2-1/2"]
[WhiteElo "1810"]
[BlackElo "1255"]
[PlyCount "182"]
[EventDate "2019.07.12"]
[EventType "swiss"]
[EventRounds "9"]
[EventCountry "CAN"]

1. e4 c5 2. Nf3 d6 3. d4 cxd4 4. Nxd4 Nf6 5. Nc3 g6 6. Bb5+ Bd7 7. O-O Bg7 8.
Kh1 O-O 9. Rg1 Ng4 10. Rf1 Nc6 11. Bxc6 bxc6 12. Nxc6 Nxf2+ 13. Rxf2 Bxc6 14.
Qd3 Qb6 15. Re2 Qb7 16. Rb1 Rac8 17. Bd2 Bxc3 18. Bxc3 Bb5 19. Qd4 e5 20. Qb4
a5 21. Qb3 a4 22. Qb4 Rc4 23. Qxd6 Rc6 24. Qxe5 f6 25. Qd5+ Kg7 26. Rd2 Rc7 27.
Qxb7 Rxb7 28. e5 Re8 29. exf6+ Kf7 30. Rbd1 a3 31. bxa3 Rc8 32. Bb4 Kxf6 33.
Rd6+ Kg7 34. c3 Re8 35. h3 Re2 36. R1d2 Re1+ 37. Kh2 Re8 38. Rd8 Re3 39. Bf8+
Kg8 40. Bh6+ Re8 41. Rxe8+ Bxe8 42. Rf2 Bf7 43. Kg3 Ra7 44. Bc1 Rc7 45. Bb2 Ra7
46. Kf4 Bxa2 47. Ke5 Re7+ 48. Kd6 Ra7 49. Rf4 Ra6+ 50. Kc5 Ra8 51. a4 Rb8 52.
Rb4 Rc8+ 53. Kb6 Bd5 54. g3 Be6 55. h4 Kf7 56. Kb7 Ke7 57. Re4 Re8 58. Ba3+ Kd8
59. Rd4+ Bd7 60. Bd6 Re3 61. c4 Rb3+ 62. Ka7 Kc8 63. c5 Rb7+ 64. Ka6 Bc6 65.
Rf4 Rd7 66. Rf8+ Rd8 67. Rxd8+ Kxd8 68. Kb6 Bxa4 69. c6 Bd1 70. c7+ Kc8 71. Bf4
Bg4 72. Kc6 Bf5 73. Kd6 Bg4 74. Ke7 Bf5 75. Kd6 h5 76. Ke7 Bb1 77. Kf6 Bf5 78.
Kg5 Bb1 79. g4 hxg4 80. Kxg4 Bf5+ 81. Kg5 Bb1 82. Kf6 Bc2 83. Kg5 Bb1 84. Kf6
Bc2 85. Kg5 Bd3 86. Kf6 Bb1 87. Kg5 Be4 88. Kf6 Bd3 89. Kg5 Kd7 90. Kf6 Bb1 91.
Kg5 Bc2 1/2-1/2

[Event "CAN-op"]
[Site "Regina CAN"]
[Date "2019.07.17"]
[Round "8.20"]
[White "Albzour, Abdalsalam"]
[Black "Castillo, Rey"]
[Result "1-0"]
[WhiteElo "1794"]
[BlackElo "1965"]
[PlyCount "79"]
[EventDate "2019.07.12"]
[EventType "swiss"]
[EventRounds "9"]
[EventCountry "CAN"]

1. e4 g6 2. Nf3 Bg7 3. d4 c5 4. c3 d6 5. Be3 b6 6. Nbd2 Nf6 7. h3 Bb7 8. d5
Nbd7 9. Be2 h6 10. O-O a6 11. a3 O-O 12. Qc1 Kh7 13. Qc2 e6 14. c4 e5 15. Rab1
Bc8 16. Nh2 g5 17. f4 gxf4 18. Bxf4 Ne8 19. Be3 Ndf6 20. b4 Rg8 21. Kh1 a5 22.
b5 Ra7 23. a4 Bf8 24. Rf2 Rg6 25. Rbf1 Rg3 26. Rf3 Rxf3 27. Rxf3 Nh5 28. g4
Nhg7 29. Rg3 Be7 30. Ndf3 Bg5 31. Qd2 f6 32. h4 Bxe3 33. Qxe3 h5 34. g5 f5 35.
g6+ Kg8 36. Qh6 Nf6 37. Ng5 fxe4 38. Nf7 Rxf7 39. gxf7+ Kxf7 40. Rxg7+ 1-0

[Event "CAN-op"]
[Site "Regina CAN"]
[Date "2019.07.17"]
[Round "8.21"]
[White "Basko, Yauheni"]
[Black "Darvekar, Yash"]
[Result "1-0"]
[WhiteElo "1800"]
[BlackElo "1495"]
[PlyCount "65"]
[EventDate "2019.07.12"]
[EventType "swiss"]
[EventRounds "9"]
[EventCountry "CAN"]

1. e4 c5 2. Nf3 g6 3. c3 Nf6 4. e5 Nd5 5. Qb3 Nb6 6. a4 d6 7. a5 Be6 8. Qb5+
Bd7 9. Qb3 c4 10. Qd1 Nd5 11. Bxc4 Nf4 12. O-O Qc7 13. Qb3 Ne6 14. d4 Bg7 15.
exd6 exd6 16. Nbd2 O-O 17. Bd5 Nc6 18. Ne4 Rfd8 19. a6 bxa6 20. Rxa6 Rab8 21.
Qc4 Ne7 22. Bxe6 Qxc4 23. Bxc4 d5 24. Nc5 dxc4 25. Rxa7 Bc6 26. Rxe7 Bxf3 27.
gxf3 Bf8 28. Rc7 Bd6 29. Rc6 Rbc8 30. Rxc8 Rxc8 31. Ne4 Be7 32. Re1 Rd8 33. Nd2
1-0

[Event "CAN-op"]
[Site "Regina CAN"]
[Date "2019.07.18"]
[Round "9.1"]
[White "Malek, Omid"]
[Black "Cherniaev, Alexander"]
[Result "0-1"]
[WhiteElo "2141"]
[BlackElo "2396"]
[PlyCount "70"]
[EventDate "2019.07.12"]
[EventType "swiss"]
[EventRounds "9"]
[EventCountry "CAN"]

1. e4 c5 2. Nc3 g6 3. g3 Bg7 4. Bg2 Nc6 5. d3 d6 6. Nge2 Nf6 7. O-O O-O 8. h3
Ne8 9. a3 Bd7 10. Rb1 Rc8 11. Nd5 e6 12. Ne3 b5 13. f4 f5 14. c3 Ne7 15. exf5
exf5 16. c4 Rb8 17. Qc2 a6 18. Bd2 Nf6 19. Be1 Be6 20. Bf2 Qd7 21. Rfd1 Rfc8
22. b3 Nc6 23. Nd5 Bxd5 24. cxd5 Ne7 25. d4 cxd4 26. Qd2 Ne4 27. Bxe4 fxe4 28.
Bxd4 Qxh3 29. Bxg7 Kxg7 30. Qd4+ Kf7 31. Qxe4 Re8 32. Qh1 Qxh1+ 33. Kxh1 Nf5
34. Nd4 Nxg3+ 35. Kg2 Ne2 0-1

[Event "CAN-op"]
[Site "Regina CAN"]
[Date "2019.07.18"]
[Round "9.2"]
[White "Sohal, Tanraj"]
[Black "Vasic, Maxim"]
[Result "1/2-1/2"]
[WhiteElo "2241"]
[BlackElo "1964"]
[PlyCount "82"]
[EventDate "2019.07.12"]
[EventType "swiss"]
[EventRounds "9"]
[EventCountry "CAN"]

1. d4 d5 2. c4 c6 3. cxd5 cxd5 4. Bf4 Nc6 5. e3 Nf6 6. Nc3 a6 7. Bd3 Bg4 8.
Nge2 e6 9. h3 Bh5 10. O-O Bd6 11. Bxd6 Qxd6 12. Rc1 O-O 13. Na4 e5 14. dxe5
Qxe5 15. Qd2 Rfe8 16. Nf4 Bg6 17. Nc5 Bxd3 18. Nfxd3 Qe7 19. Nb4 Ne4 20. Nxe4
Nxb4 21. Nc3 Rad8 22. a3 Nc6 23. Ne2 Qf6 24. Rfd1 Ne5 25. b3 Qb6 26. Nd4 h6 27.
Rc2 Nc6 28. Nxc6 bxc6 29. b4 Re6 30. Rc5 Rg6 31. Qd3 Rdd6 32. Ra5 Qd8 33. Qxa6
Qh4 34. Qc8+ Rd8 35. Qc7 Qxh3 36. Qxd8+ Kh7 37. g3 Rxg3+ 38. fxg3 Qxg3+ 39. Kf1
Qf3+ 40. Kg1 Qg3+ 41. Kh1 Qh3+ 1/2-1/2

[Event "CAN-op"]
[Site "Regina CAN"]
[Date "2019.07.18"]
[Round "9.3"]
[White "Hemstapat, Andrew"]
[Black "Zhao, Ian"]
[Result "1/2-1/2"]
[WhiteElo "2069"]
[BlackElo "2198"]
[PlyCount "35"]
[EventDate "2019.07.12"]
[EventType "swiss"]
[EventRounds "9"]
[EventCountry "CAN"]

1. e4 e5 2. Nf3 Nc6 3. d4 exd4 4. Bc4 Nf6 5. O-O Nxe4 6. Re1 d5 7. Bxd5 Qxd5 8.
Nc3 Qh5 9. Nxe4 Be6 10. Bg5 Bd6 11. Nxd6+ cxd6 12. Bf4 Qd5 13. c3 O-O 14. Nxd4
Nxd4 15. Qxd4 Qxd4 16. cxd4 d5 17. Rac1 Rac8 18. f3 1/2-1/2

[Event "CAN-op"]
[Site "Regina CAN"]
[Date "2019.07.18"]
[Round "9.4"]
[White "Gottuk, Stefan"]
[Black "Bu, Kevin"]
[Result "1/2-1/2"]
[WhiteElo "2116"]
[BlackElo "1784"]
[PlyCount "142"]
[EventDate "2019.07.12"]
[EventType "swiss"]
[EventRounds "9"]
[EventCountry "CAN"]

1. d4 d5 2. Bf4 Nf6 3. e3 c5 4. c3 Nc6 5. Nd2 e6 6. Ngf3 Bd6 7. Bg3 Qe7 8. Bb5
Bd7 9. O-O O-O 10. Re1 Rfd8 11. Qe2 a6 12. Bxd6 Qxd6 13. Ba4 b5 14. Bc2 cxd4
15. cxd4 Na5 16. Bd3 Rac8 17. Rec1 Qb4 18. Nf1 Nc4 19. b3 Nd6 20. Qb2 Nc4 21.
Qe2 Nd6 22. Qb2 Nc4 23. Qc3 Qxc3 24. Rxc3 Nb2 25. Rxc8 Rxc8 26. Be2 Rc2 27. Ng3
Ne4 28. Kf1 Nc3 29. Ne1 Rd2 30. Rc1 b4 31. Bxa6 Nbd1 32. Rc2 Rxc2 33. Nxc2 Nxa2
34. Ne2 Ndc3 35. Ke1 Kf8 36. Bd3 h6 37. Na1 Ke7 38. Kd2 Kd6 39. Ng3 g6 40. Kc2
Bb5 41. Bxb5 Nxb5 42. Kd2 Kc6 43. Nc2 Nd6 44. f3 Kb5 45. Ne2 Ka5 46. Nf4 Nb5
47. Nd3 Na3 48. Ne5 Nb1+ 49. Kd1 Nbc3+ 50. Ke1 Nc1 51. Na1 f6 52. Nxg6 Nd3+ 53.
Kd2 Nb2 54. Nc2 Nb5 55. Nf8 e5 56. Nd7 exd4 57. exd4 Nc4+ 58. bxc4 dxc4 59. Ne3
c3+ 60. Kc1 Nxd4 61. Nxf6 b3 62. Ne4 c2 63. Nxc2 Nxc2 64. Kb2 Kb4 65. Nd2 Ne1
66. Nxb3 Nxg2 67. Nd2 Ne3 68. h3 Nd5 69. Ne4 Kc4 70. Kc2 Nf4 71. Nf2 h5 1/2-1/2

[Event "CAN-op"]
[Site "Regina CAN"]
[Date "2019.07.18"]
[Round "9.5"]
[White "Huang, Patrick"]
[Black "Yao, Sammy"]
[Result "1-0"]
[WhiteElo "2055"]
[BlackElo "1986"]
[PlyCount "117"]
[EventDate "2019.07.12"]
[EventType "swiss"]
[EventRounds "9"]
[EventCountry "CAN"]

1. d4 f5 2. Bf4 Nf6 3. e3 d6 4. Nf3 g6 5. h3 Bg7 6. Nbd2 O-O 7. Bd3 Nc6 8. c3
Qe8 9. Bh2 e5 10. dxe5 dxe5 11. Bb5 Nh5 12. Nc4 f4 13. O-O a6 14. Bxc6 bxc6 15.
exf4 exf4 16. Re1 Qf7 17. Qe2 Bf5 18. Nce5 Qd5 19. Rad1 Qxa2 20. Nxc6 Kh8 21.
Qe7 Qxb2 22. Ng5 Qxc3 23. Nd8 Kg8 24. Nge6 Bxe6 25. Qxe6+ Kh8 26. Nf7+ Rxf7 27.
Qxf7 Rf8 28. Re8 Qc5 29. Rxf8+ Qxf8 30. Qxc7 Qb4 31. Qf7 Bf6 32. Kh1 Qe7 33.
Qc4 Kg7 34. Bxf4 Nxf4 35. Qxf4 a5 36. Qa4 Qe5 37. Qd7+ Kh6 38. Qd5 Qc3 39. Qd2+
Qxd2 40. Rxd2 Bc3 41. Rd7 g5 42. g3 Kg6 43. Kg2 h5 44. Kf3 Kf5 45. Rf7+ Kg6 46.
Ra7 Kf5 47. g4+ hxg4+ 48. hxg4+ Ke5 49. Rd7 Bb2 50. Rb7 Bc3 51. Rb5+ Kf6 52.
Rf5+ Kg6 53. Rc5 Bb4 54. Rc6+ Kf7 55. Ke4 Be1 56. f3 Bb4 57. Kf5 Bd2 58. Rc2
Be3 59. Ra2 1-0

[Event "CAN-op"]
[Site "Regina CAN"]
[Date "2019.07.18"]
[Round "9.6"]
[White "Wolchock, Theo"]
[Black "Jiang, Kate"]
[Result "1-0"]
[WhiteElo "2032"]
[BlackElo "1463"]
[PlyCount "191"]
[EventDate "2019.07.12"]
[EventType "swiss"]
[EventRounds "9"]
[EventCountry "CAN"]

1. e4 e5 2. Nf3 Nc6 3. Bb5 a6 4. Ba4 Nf6 5. Qe2 b5 6. Bb3 Bc5 7. d3 d6 8. O-O
h6 9. c3 O-O 10. Be3 Bxe3 11. fxe3 Re8 12. Nbd2 d5 13. exd5 Nxd5 14. Qf2 Nf6
15. d4 exd4 16. exd4 Be6 17. Bxe6 Rxe6 18. Nh4 Qd7 19. Rae1 Rae8 20. Rxe6 Qxe6
21. Nf5 Ne7 22. Nxh6+ gxh6 23. Qxf6 Ng6 24. Qxe6 Rxe6 25. g3 Ne7 26. Kf2 Nd5
27. Re1 Rf6+ 28. Ke2 Nb6 29. Rc1 Re6+ 30. Kd3 Nd5 31. Ne4 a5 32. Rf1 Kg7 33.
Rf5 c6 34. g4 Kg6 35. Rf1 Nb6 36. Nc5 Re7 37. Ne4 Re6 38. Rf2 Nd5 39. h3 Nb6
40. h4 Nd5 41. Rf1 Nb6 42. Rf5 Nd5 43. Rf2 Nb6 44. g5 hxg5 45. hxg5 Nc4 46. b3
Nb6 47. Nc5 Re7 48. Rf6+ Kxg5 49. Rxc6 Nd5 50. Ne4+ Kg4 51. Nf6+ Nxf6 52. Rxf6
Kg5 53. Rb6 b4 54. cxb4 axb4 55. Rxb4 f5 56. Rb5 Kf6 57. Re5 Rd7 58. Re2 Rf7
59. Ke3 Rd7 60. Rd2 Kg5 61. Kf3 f4 62. d5 Rd6 63. Rd4 Kf5 64. Rxf4+ Ke5 65.
Re4+ Kxd5 66. Ke3 Kc5 67. Rc4+ Kb5 68. Rd4 Rh6 69. a4+ Ka5 70. Kd3 Rc6 71. Rc4
Rh6 72. Kc3 Rh3+ 73. Kb2 Rh1 74. Ka3 Ra1+ 75. Kb2 Rh1 76. Rg4 Rf1 77. Rg5+ Ka6
78. Ka3 Rf4 79. Rh5 Rg4 80. Rh6+ Kb7 81. a5 Rg1 82. Ka4 Rf1 83. b4 Ra1+ 84. Kb5
Rg1 85. Rh7+ Kb8 86. a6 Rg5+ 87. Kb6 Rg6+ 88. Ka5 Ka8 89. Rh8+ Ka7 90. Rh7+ Ka8
91. b5 Rf6 92. Rh8+ Ka7 93. b6+ Rxb6 94. Rh7+ Ka8 95. Kxb6 Kb8 96. Rh8# 1-0

[Event "CAN-op"]
[Site "Regina CAN"]
[Date "2019.07.18"]
[Round "9.7"]
[White "Haessel, Dale"]
[Black "Windram, James"]
[Result "1-0"]
[WhiteElo "2148"]
[BlackElo "1907"]
[PlyCount "115"]
[EventDate "2019.07.12"]
[EventType "swiss"]
[EventRounds "9"]
[EventCountry "CAN"]

1. d4 Nf6 2. c4 c5 3. d5 e6 4. Nc3 exd5 5. cxd5 d6 6. e4 g6 7. Nf3 a6 8. a4 Bg4
9. Be2 Bxf3 10. Bxf3 Bg7 11. O-O O-O 12. Re1 Re8 13. g3 Nbd7 14. a5 c4 15. Ra4
b5 16. axb6 Nxb6 17. Rb4 Nfd7 18. Na4 Nxa4 19. Rxa4 c3 20. b3 Nc5 21. Rc4 Rb8
22. b4 Nd7 23. Ba3 Rc8 24. Be2 Rxc4 25. Bxc4 Qb6 26. Qa4 Nf6 27. Re3 Ra8 28.
Bc1 Ng4 29. Re2 Ne5 30. Bb3 Nd3 31. Ba3 Qb5 32. Bd1 Qxa4 33. Bxa4 Rb8 34. b5
axb5 35. Bxd6 Rb6 36. Bc2 Rxd6 37. Bxd3 b4 38. Bc4 Rb6 39. Bb3 Kf8 40. e5 Ke7
41. d6+ Kd8 42. f4 Bf8 43. Kg2 Rb8 44. Kf3 f6 45. Ke4 fxe5 46. fxe5 h6 47. Kd5
Bg7 48. e6 Bf6 49. Rf2 Rb5+ 50. Kc4 Rf5 51. Ra2 Kc8 52. Ra8+ Kb7 53. Rf8 Kc6
54. e7 Rc5+ 55. Kxb4 Rb5+ 56. Ka3 Kc5 57. Rc8+ Kxd6 58. e8=Q 1-0

[Event "CAN-op"]
[Site "Regina CAN"]
[Date "2019.07.18"]
[Round "9.9"]
[White "Demchenko, Kiril"]
[Black "Dixit, Arun"]
[Result "0-1"]
[WhiteElo "2004"]
[BlackElo "1775"]
[PlyCount "84"]
[EventDate "2019.07.12"]
[EventType "swiss"]
[EventRounds "9"]
[EventCountry "CAN"]

1. e4 c5 2. Nc3 g6 3. f4 Bg7 4. Nf3 Nc6 5. Bb5 a6 6. Bxc6 bxc6 7. O-O d6 8. d3
Nf6 9. Kh1 O-O 10. Be3 Rb8 11. Qc1 Qb6 12. Rb1 Ng4 13. Na4 Qa5 14. b3 Nxe3 15.
Qxe3 Bd7 16. c4 Qb4 17. Rbe1 Qa3 18. Re2 Bg4 19. e5 Rfd8 20. h3 Bc8 21. Ng5 Rb7
22. Qf3 Rc7 23. Nb6 h6 24. Ne4 d5 25. cxd5 cxd5 26. Nxd5 Rcd7 27. Ne3 Rxd3 28.
Nf2 Rc3 29. Qc6 Rc1 30. Qc7 Rxf1+ 31. Nxf1 Rf8 32. Qxe7 Qc1 33. Kg1 a5 34. Nd3
Qa1 35. Nxc5 Qd4+ 36. Rf2 Bf5 37. g4 Bb1 38. Kg2 Rc8 39. Nd7 Be4+ 40. Kg1 Bf8
41. Nxf8 Rc1 42. Qh4 Rxf1+ 0-1

[Event "CAN-op"]
[Site "Regina CAN"]
[Date "2019.07.18"]
[Round "9.10"]
[White "Ma, Derek"]
[Black "Srinivasan, Hermant"]
[Result "0-1"]
[WhiteElo "1925"]
[BlackElo "1688"]
[PlyCount "52"]
[EventDate "2019.07.12"]
[EventType "swiss"]
[EventRounds "9"]
[EventCountry "CAN"]

1. e4 c6 2. Nf3 d5 3. Nc3 Bg4 4. h3 Bxf3 5. Qxf3 e6 6. d3 Ne7 7. g4 Ng6 8. Bd2
Bd6 9. exd5 cxd5 10. O-O-O Nc6 11. Re1 O-O 12. h4 Nd4 13. Qh3 Nf4 14. Qe3 e5
15. Nd1 Qd7 16. Bc3 Qxg4 17. Bxd4 exd4 18. Bh3 Qxd1+ 19. Kxd1 dxe3 20. fxe3
Nxh3 21. Rxh3 f5 22. h5 Rae8 23. Rf3 f4 24. e4 dxe4 25. dxe4 Re5 26. Rd3 Bc7
0-1

[Event "CAN-op"]
[Site "Regina CAN"]
[Date "2019.07.18"]
[Round "9.11"]
[White "Wei, Daniel"]
[Black "Mills, Morgon"]
[Result "1/2-1/2"]
[WhiteElo "1840"]
[BlackElo "2036"]
[PlyCount "111"]
[EventDate "2019.07.12"]
[EventType "swiss"]
[EventRounds "9"]
[EventCountry "CAN"]

1. e4 c5 2. Nf3 Nc6 3. c3 d5 4. exd5 Qxd5 5. Na3 Bg4 6. Be2 e6 7. O-O Nf6 8.
Nc2 Qd7 9. d4 Rd8 10. Bg5 cxd4 11. Nfxd4 Bxe2 12. Qxe2 Be7 13. Rad1 Qd5 14.
Nxc6 Qxc6 15. Rxd8+ Bxd8 16. Nb4 Qc7 17. Bxf6 Bxf6 18. Nd5 Qc6 19. Nxf6+ gxf6
20. Qg4 Qb6 21. Qg7 Rf8 22. Qxf6 Qd8 23. Qf4 a6 24. Qe4 Qb6 25. Rd1 f5 26. Qe5
Ke7 27. Qg7+ Rf7 28. Qg5+ Rf6 29. Qg7+ Rf7 30. Qg5+ Rf6 31. b3 Qc7 32. Qg7+ Rf7
33. Qg5+ Rf6 34. c4 Kf7 35. Qh5+ Kf8 36. Qg5 Kf7 37. Qh5+ Kf8 38. Rd3 Rf7 39.
Qg5 Ke8 40. h3 Qe7 41. Qxe7+ Rxe7 42. f4 Rc7 43. a4 Ke7 44. Kf2 Rc5 45. Ke3 b5
46. axb5 axb5 47. cxb5 Rxb5 48. Kd4 Rb4+ 49. Ke3 Re4+ 50. Kf3 Re1 51. g4 fxg4+
52. Kxg4 Kf6 53. Rf3 Kg6 54. Kg3 Kf5 55. Kf2 Rb1 56. Re3 1/2-1/2

[Event "CAN-op"]
[Site "Regina CAN"]
[Date "2019.07.18"]
[Round "9.12"]
[White "Ehab, Mohamed"]
[Black "Yang, Jingyun (Ryan)"]
[Result "1-0"]
[WhiteElo "2006"]
[BlackElo "1704"]
[PlyCount "93"]
[EventDate "2019.07.12"]
[EventType "swiss"]
[EventRounds "9"]
[EventCountry "CAN"]

1. d4 Nf6 2. c4 e6 3. Nf3 b6 4. g3 Bb7 5. Bg2 Be7 6. Nc3 Nc6 7. e4 Na5 8. e5
Ne4 9. Nxe4 Bxe4 10. b3 Bb7 11. O-O d6 12. Bb2 d5 13. Bc3 Rb8 14. Bxa5 bxa5 15.
c5 Ba6 16. Re1 c6 17. Bf1 Bc8 18. Bd3 h5 19. h4 Bb7 20. Qd2 Qc8 21. Qxa5 Bd8
22. Qd2 Ba6 23. Bc2 Rb5 24. b4 Rb8 25. a4 Bc4 26. Rab1 a5 27. bxa5 Ra8 28. Rb6
Bxb6 29. axb6 Ba6 30. Ng5 Qb7 31. f4 Ke7 32. f5 Rhg8 33. f6+ gxf6 34. exf6+ Ke8
35. Nxe6 fxe6 36. Rxe6+ Kd8 37. Rd6+ Ke8 38. Qe3+ Kf8 39. Qh6+ Ke8 40. Qxh5+
Kf8 41. Qh6+ Ke8 42. Bg6+ Rxg6 43. Qxg6+ Qf7 44. Re6+ Kf8 45. Qh6+ Kg8 46. Re7
Qf8 47. Qh7# 1-0

[Event "CAN-op"]
[Site "Regina CAN"]
[Date "2019.07.18"]
[Round "9.13"]
[White "Wang, Paul"]
[Black "Chen, Andrew"]
[Result "1-0"]
[WhiteElo "1902"]
[BlackElo "1778"]
[PlyCount "85"]
[EventDate "2019.07.12"]
[EventType "swiss"]
[EventRounds "9"]
[EventCountry "CAN"]

1. e4 e5 2. Nf3 Nc6 3. Bc4 Nf6 4. d3 Be7 5. c3 O-O 6. O-O d6 7. h3 Na5 8. Bb5
a6 9. Ba4 b5 10. Bc2 c5 11. Re1 Nc6 12. Nbd2 Bb7 13. Nf1 Re8 14. Ng3 g6 15. d4
Bf8 16. d5 Nb8 17. a4 Nbd7 18. Be3 c4 19. b4 cxb3 20. Bxb3 bxa4 21. Bxa4 Qc7
22. Qd3 Rec8 23. Reb1 Rab8 24. Ra3 Nc5 25. Bxc5 dxc5 26. Qc4 Bd6 27. Rab3 Nd7
28. Nf1 Rd8 29. Ne3 Bc8 30. Rxb8 Nxb8 31. Qb3 Bd7 32. Nc4 Bxa4 33. Qxa4 f6 34.
Rb6 Rd7 35. Rxb8+ Qxb8 36. Qxd7 Qb1+ 37. Kh2 Bf8 38. Nd6 Bxd6 39. Qxd6 Qxe4 40.
Qe6+ Kg7 41. d6 Qf4+ 42. Kh1 Qc1+ 43. Ng1 1-0

[Event "CAN-op"]
[Site "Regina CAN"]
[Date "2019.07.18"]
[Round "9.14"]
[White "Ratte, Cameron"]
[Black "Chandra, Anand Rishi"]
[Result "0-1"]
[WhiteElo "1857"]
[BlackElo "1883"]
[PlyCount "125"]
[EventDate "2019.07.12"]
[EventType "swiss"]
[EventRounds "9"]
[EventCountry "CAN"]

1. e4 e5 2. Nf3 Nc6 3. Bb5 a6 4. Ba4 Nf6 5. O-O Be7 6. Re1 b5 7. Bb3 d6 8. c3
O-O 9. h3 Na5 10. Bc2 c5 11. d4 Qc7 12. Nbd2 Bb7 13. Nf1 Rac8 14. d5 c4 15. Ng3
Rfe8 16. Be3 Ba8 17. Nh2 Bf8 18. Ng4 Nxg4 19. hxg4 Nb7 20. Nf5 Nc5 21. g3 f6
22. g5 g6 23. Nh4 fxg5 24. Bxg5 Be7 25. Qd2 Bxg5 26. Qxg5 Qe7 27. Qe3 Qf6 28.
b4 cxb3 29. axb3 Bb7 30. Reb1 Rf8 31. Rb2 Rc7 32. Bd1 Bc8 33. Nf3 Rcf7 34. Ng5
Re7 35. Nf3 Rg7 36. Nh2 g5 37. Bg4 Bxg4 38. Nxg4 Qf3 39. Nh6+ Kh8 40. Qxf3 Rxf3
41. Nf5 Rd7 42. b4 Nxe4 43. Ne3 Nxf2 44. Rxf2 Rxe3 45. Rxa6 Rxc3 46. Rb6 Rxg3+
47. Kh2 Rb3 48. Rxb5 Kg7 49. Kg2 Rf7 50. Rb6 Rxf2+ 51. Kxf2 h5 52. Rxd6 Rxb4
53. Re6 Rd4 54. Rxe5 Kf6 55. Re6+ Kf5 56. Rh6 h4 57. d6 Kg4 58. Ke3 Rd5 59. Ke4
Rd1 60. Ke3 Kg3 61. Ke2 Rd5 62. Kf1 h3 63. Ke2 0-1

[Event "CAN-op"]
[Site "Regina CAN"]
[Date "2019.07.18"]
[Round "9.15"]
[White "Boron, Anthony"]
[Black "Taylor, Tom"]
[Result "1-0"]
[WhiteElo "1854"]
[BlackElo "1926"]
[PlyCount "27"]
[EventDate "2019.07.12"]
[EventType "swiss"]
[EventRounds "9"]
[EventCountry "CAN"]

1. e4 d5 2. exd5 Nf6 3. Nf3 Bg4 4. Bb5+ Nbd7 5. Nc3 g6 6. Be2 Nb6 7. d3 Nbxd5
8. Bd2 e6 9. O-O Bd6 10. Nxd5 Nxd5 11. c4 Nf4 12. Bxf4 Bxf4 13. c5 Qd5 14. Qa4+
1-0

[Event "CAN-op"]
[Site "Regina CAN"]
[Date "2019.07.18"]
[Round "9.16"]
[White "Sorgard, Graham"]
[Black "Einarsson, Ken"]
[Result "1-0"]
[WhiteElo "1960"]
[BlackElo "1682"]
[PlyCount "37"]
[EventDate "2019.07.12"]
[EventType "swiss"]
[EventRounds "9"]
[EventCountry "CAN"]

1. e4 c6 2. d4 d5 3. exd5 cxd5 4. c4 Nf6 5. Nc3 Bf5 6. Qb3 Qd7 7. cxd5 e6 8.
Bb5 Nc6 9. dxc6 bxc6 10. Be2 Qxd4 11. Nf3 Qd8 12. Bf4 Be7 13. Rd1 Qc8 14. Nd4
O-O 15. Nxf5 exf5 16. O-O Re8 17. Bc4 Rf8 18. Rfe1 Bd8 19. Bd6 1-0

[Event "CAN-op"]
[Site "Regina CAN"]
[Date "2019.07.18"]
[Round "9.17"]
[White "Landstrom, William"]
[Black "Lambruschini, Alex"]
[Result "0-1"]
[WhiteElo "1516"]
[BlackElo "1810"]
[PlyCount "106"]
[EventDate "2019.07.12"]
[EventType "swiss"]
[EventRounds "9"]
[EventCountry "CAN"]

1. e4 e5 2. Nf3 Nc6 3. Bc4 Bc5 4. c3 d6 5. O-O Nf6 6. d4 exd4 7. cxd4 Bb6 8.
Re1 O-O 9. a3 Bg4 10. d5 Ne5 11. Be2 Nxe4 12. Be3 Bxe3 13. fxe3 Bxf3 14. Bxf3
Nxf3+ 15. Qxf3 f5 16. Nc3 Nxc3 17. bxc3 Qf6 18. Rac1 Rae8 19. Qf1 a5 20. Qc4
Rf7 21. Qb5 Rfe7 22. Qxb7 f4 23. e4 f3 24. Rf1 Qg5 25. Rc2 Qe3+ 26. Kh1 Qd3 27.
Qb1 Rxe4 28. gxf3 Qxf1+ 29. Qxf1 Re1 30. Qxe1 Rxe1+ 31. Kg2 Ra1 32. c4 Rxa3 33.
c5 Rd3 34. cxd6 cxd6 35. Rc8+ Kf7 36. Rc7+ Kf6 37. Ra7 Rxd5 38. Kg3 h5 39. h4
g5 40. hxg5+ Kxg5 41. Ra6 h4+ 42. Kh3 Kf4 43. Kxh4 Kxf3 44. Ra8 Rd4+ 45. Kg5 a4
46. Kf5 Ke3 47. Rh8 Kd2 48. Ra8 Kc2 49. Ke6 Kb2 50. Rb8+ Ka1 51. Ra8 Ka2 52.
Ra6 a3 53. Ra8 Kb2 0-1

[Event "CAN-op"]
[Site "Regina CAN"]
[Date "2019.07.18"]
[Round "9.18"]
[White "Lin, Joey"]
[Black "Albzour, Abdalsalam"]
[Result "1/2-1/2"]
[WhiteElo "1255"]
[BlackElo "1794"]
[PlyCount "67"]
[EventDate "2019.07.12"]
[EventType "swiss"]
[EventRounds "9"]
[EventCountry "CAN"]

1. e4 c5 2. Nf3 Nc6 3. d3 e6 4. g3 d5 5. e5 Nge7 6. Bg2 Ng6 7. Qe2 Be7 8. O-O
h6 9. Re1 a6 10. a4 Bd7 11. Nbd2 b5 12. b3 Ngxe5 13. axb5 Nxf3+ 14. Nxf3 axb5
15. Bb2 O-O 16. Rxa8 Qxa8 17. Ra1 Qc8 18. Ne5 Nxe5 19. Bxe5 Bc6 20. Qg4 f6 21.
Bf4 e5 22. Qxc8 Rxc8 23. Bd2 d4 24. Bh3 Ra8 25. Rxa8+ Bxa8 26. Bd7 b4 27. Bf5
Kf7 28. Be4 Bxe4 29. dxe4 g5 30. g4 Ke6 31. Kf1 Kd7 32. Ke2 Kc6 33. Kd3 Kb5 34.
h3 1/2-1/2

[Event "CAN-op"]
[Site "Regina CAN"]
[Date "2019.07.18"]
[Round "9.19"]
[White "McDonald, Mike"]
[Black "Basko, Yauheni"]
[Result "0-1"]
[WhiteElo "1741"]
[BlackElo "1800"]
[PlyCount "48"]
[EventDate "2019.07.12"]
[EventType "swiss"]
[EventRounds "9"]
[EventCountry "CAN"]

1. e4 e6 2. d4 d5 3. Nc3 Bb4 4. e5 c5 5. a3 Bxc3+ 6. bxc3 Ne7 7. Qg4 O-O 8. Bd3
Nbc6 9. Bg5 Qa5 10. Bd2 Qa4 11. Nf3 c4 12. Bxh7+ Kxh7 13. Qh5+ Kg8 14. Ng5 Qxc2
15. O-O Qg6 16. Qh3 Nd8 17. f4 f6 18. Nf3 Nf7 19. g4 Nh6 20. g5 fxg5 21. fxg5
Nhf5 22. Qg4 Bd7 23. h4 Be8 24. Kf2 Qh5 0-1

[Event "CAN-op"]
[Site "Regina CAN"]
[Date "2019.07.18"]
[Round "9.20"]
[White "Castillo, Rey"]
[Black "Green, Jim"]
[Result "0-1"]
[WhiteElo "1965"]
[BlackElo "1772"]
[Annotator ",Microsoft"]
[PlyCount "113"]
[EventDate "2019.07.12"]
[EventType "swiss"]
[EventRounds "9"]
[EventCountry "CAN"]

1. Nf3 Nf6 2. c4 e6 3. d4 d5 4. Nc3 Be7 5. Bg5 O-O 6. e3 c6 7. Bd3 dxc4 8. Bxc4
Nd5 9. Bxe7 Qxe7 10. a3 Nxc3 11. bxc3 b5 12. Bd3 a6 13. h4 Bb7 14. Qc2 f5 15.
a4 c5 16. axb5 cxd4 17. exd4 axb5 18. Rxa8 Bxa8 19. Bxb5 Bc6 20. Bd3 Bd5 21. c4
Qb4+ 22. Qd2 Qxd2+ 23. Kxd2 Bxf3 24. gxf3 Nc6 25. Ke3 Rd8 26. d5 Ne5 27. Rd1
exd5 28. Kf4 Ng6+ 29. Kxf5 Nxh4+ 30. Kg4 Ng6 31. Bxg6 hxg6 32. Rxd5 Rc8 33. c5
Rc6 34. Kg5 Kf8 35. Rd6 Rxc5+ 36. Kxg6 Rc2 37. Rd7 Rxf2 38. Rf7+ Ke8 39. Kxg7
Rg2+ 40. Kf6 Rf2 41. Re7+ Kd8 42. Re3 Ra2 43. f4 Ra6+ 44. Re6 Ra5 45. f5 Kd7
46. Re7+ Kd8 47. Rb7 Kc8 48. Re7 Kd8 49. Re4 Kd7 50. Kg6 Ra1 51. Kf7 Rf1 52.
Rd4+ Kc6 53. f6 Kc5 54. Rd2 Rf3 55. Ke7 Re3+ 56. Kf8 Rf3 57. f7 {
Time? Both scoresheets and crosstables read 0-1.} 0-1

[Event "CAN-op U1800"]
[Site "Regina CAN"]
[Date "2019.07.12"]
[Round "1.31"]
[White "Steer, David"]
[Black "Sullivan, Brian"]
[Result "1-0"]
[WhiteElo "1766"]
[BlackElo "1381"]
[PlyCount "71"]
[EventDate "2019.07.12"]
[EventType "swiss"]
[EventRounds "9"]
[EventCountry "CAN"]

1. e4 c5 2. Nf3 d6 3. Bb5+ Bd7 4. Qe2 Nc6 5. c3 Nf6 6. d3 g6 7. Be3 Bg7 8. Nbd2
O-O 9. Ba4 a6 10. O-O b5 11. Bc2 b4 12. h3 a5 13. d4 cxd4 14. cxd4 Bc8 15. Bd3
Bb7 16. Rac1 Nd7 17. Rc2 Rc8 18. Rfc1 Ncb8 19. Rxc8 Bxc8 20. Nc4 Ba6 21. Nfd2
Nc6 22. d5 Nd4 23. Qf1 Nc5 24. Bb1 a4 25. f4 Qa8 26. Qf2 Nb5 27. Bxc5 dxc5 28.
Kh2 Qb8 29. e5 Nd4 30. Ne4 Bb7 31. Nxc5 Rd8 32. Nxb7 Rxd5 33. Be4 Qxb7 34. Qxd4
e6 35. Bxd5 exd5 36. Ne3 1-0